| 000 | 00437nam a2200157Ia 4500 | ||
|---|---|---|---|
| 008 | 230917s9999||||xx |||||||||||||| ||und|| | ||
| 040 |
_e186830 _aMAIN |
||
| 041 | _aEnglish | ||
| 082 | _a346.03 S64L(5) | ||
| 100 | _aSingh, S P | ||
| 245 | 0 | _aLaw of Tort : Including compensation under the consumer protection act | |
| 250 | _a5th ed. | ||
| 260 |
_aNew Delhi _bUniversal Law Publishing _c2010 |
||
| 300 | _alvi, 380 p. | ||
| 942 | _cBK | ||
| 999 |
_c133904 _d133904 |
||